000 00402nam a22001697a 4500
003 MPLRDC
005 20220104114159.0
008 210129b ||||| |||| 00| 0 eng d
082 _a844.151 CX
100 _a程羲
245 _a杜甫
_c
260 _a
_b星光出版社
_c1979
300 _b
490 _a双子星丛书. 105
650 _a唐及五代别集--杜甫
942 _cBK
_o844.151 CX
999 _c5459
_d5449